ბათუმის შოთა რუსთაველის სახელმწიფო უნივერსიტეტის ბიბლიოთეკა

Рассуждение о методе для верного направления разума и отыскания истины в науках / (ბიბ.ჩანაწერი № 62543)

000 -LEADER
fixed length control field 00658nam a22001817a 4500
005 - DATE AND TIME OF LATEST TRANSACTION
control field 20241203161423.0
008 - FIXED-LENGTH DATA ELEMENTS--GENERAL INFORMATION
fixed length control field 241203s2020 ru ||||| |||| 00| 0 rus d
020 ## - INTERNATIONAL STANDARD BOOK NUMBER
International Standard Book Number 9785041903527х
041 ## - LANGUAGE CODE
Language code of text/sound track or separate title rus
080 ## - UNIVERSAL DECIMAL CLASSIFICATION NUMBER
Universal Decimal Classification number 1(091((44) Д-28
100 ## - MAIN ENTRY--PERSONAL NAME
Personal name Декарт, Рене
9 (RLIN) 23852
245 ## - TITLE STATEMENT
Title Рассуждение о методе для верного направления разума и отыскания истины в науках /
Statement of responsibility, etc. Рене Декарт.
264 ## - PRODUCTION, PUBLICATION, DISTRIBUTION, MANUFACTURE, AND COPYRIGHT NOTICE
Place of production, publication, distribution, manufacture Москва,
Date of production, publication, distribution, manufacture, or copyright notice 2020.
300 ## - PHYSICAL DESCRIPTION
Extent 128 стр. ;
Other physical details 17 см.
653 ## - INDEX TERM--UNCONTROLLED
keyword დისკურსი
653 ## - INDEX TERM--UNCONTROLLED
keyword ფილოსოფია
942 ## - ADDED ENTRY ELEMENTS (KOHA)
Source of classification or shelving scheme
Koha item type წიგნი
ეგზემპლარები
Withdrawn status Lost status Source of classification or shelving scheme Damaged status Not for loan Permanent Location Current Location Shelving location Date acquired Cost, normal purchase price Full call number Barcode Date last seen Copy number Price effective from Koha item type Public note
          ბათუმის შოთა რუსთაველის სახელმწიფო უნივერსიტეტის მთავარი ბიბლიოთეკა ბათუმის შოთა რუსთაველის სახელმწიფო უნივერსიტეტის მთავარი ბიბლიოთეკა წიგნის კალათა 2024-12-03 66.00 1(091((44) Д-28 69889 2024-12-03 69889 2024-12-03 წიგნი 66 ლ.